000 00639nam a2200205 i 4500
001 55253
003 ES-MaACL
005 20230906163117.0
007 t|
008 030916s1982 sp ||||1| spa d
100 1 _aDemause, Lloyd.
_943628
245 1 0 _aHistoria de la infancia /
_cLloyd Demause ; versión de María Dolores López Martínez.
260 _a[Madrid] :
_bAlianza,
_c[1982]
300 _a471 p. ;
_c20 cm.
490 1 _aAlianza universidad ;
_v321
700 1 _aLópez Martínez, María Dolores.
_973760
830 0 _aAlianza universidad ;
_v321
_9177276
852 _aES-MaACL
_jL-2329
_bR.102974
999 _c55253
_d55253